Πόλεις που έλεγχε ο Άξονας - Ξαφνικός Θάνατος - Statistics

General Stats
  • This quiz has been taken 76 times
  • The average score is 8 of 21
Answers on the Grid
Answers color-coded by a green-red scale on the quiz's grid according to % correct below.
Αθήνα
Άμστερνταμ
Ανόι
Βαρσοβία
Βεγγάζη
Βερολίνο
Βιέννη
Ζυρίχη
Κάιρο
Καλκότα
Κέιπ Τάουν
Κίεβο
Κοπεγχάγη
Κωνσταντινούπολη
Μανίλα
Μόσχα
Μπρίσμπεϊν
Ναντζίνγκ
Όσλο
Παρίσι
Πεκίνο
Ρώμη
Σεούλ
Σιγκαπούρη
Στοκχόλμη
Ταϊπέι
Τεχεράνη
Τζακάρτα
Τόκυο
Τορόντο
Χονγκ Κονγκ
Χονολουλού
 
Answer Stats
Answer % Correct
Αθήνα
82%
Βερολίνο
76%
Βιέννη
74%
Άμστερνταμ
68%
Βαρσοβία
65%
Παρίσι
44%
Ρώμη
44%
Κοπεγχάγη
38%
Κίεβο
35%
Όσλο
35%
Ανόι
29%
Ναντζίνγκ
26%
Πεκίνο
26%
Ταϊπέι
26%
Τόκυο
26%
Μανίλα
24%
Σεούλ
24%
Τζακάρτα
24%
Σιγκαπούρη
21%
Χονγκ Κονγκ
21%
Βεγγάζη
18%
No matching quizzes found
Score Distribution
Percent of People with Each Score
Percentile by Number Answered
Your Score History
You have not taken this quiz